|
|
|
|
| LEADER |
01917nam a2200433 a 4500 |
| 001 |
EBC668756 |
| 003 |
MiAaPQ |
| 005 |
20200520144314.0 |
| 006 |
m o d | |
| 007 |
cr cn||||||||| |
| 008 |
100830s2011 nyua sb 001 0 eng d |
| 010 |
|
|
|z 2010035652
|
| 020 |
|
|
|z 9780415573283 (hardback)
|
| 020 |
|
|
|z 020383044X (master e-book)
|
| 020 |
|
|
|a 9780203830444 (electronic bk.)
|
| 035 |
|
|
|a (MiAaPQ)EBC668756
|
| 035 |
|
|
|a (Au-PeEL)EBL668756
|
| 035 |
|
|
|a (CaPaEBR)ebr10462486
|
| 035 |
|
|
|a (CaONFJC)MIL310435
|
| 035 |
|
|
|a (OCoLC)714363460
|
| 040 |
|
|
|a MiAaPQ
|c MiAaPQ
|d MiAaPQ
|
| 043 |
|
|
|a a-is---
|
| 050 |
|
4 |
|a HG3260.A7
|b M36 2011
|
| 082 |
0 |
4 |
|a 332.1/1095694
|2 22
|
| 100 |
1 |
|
|a Maman, Daniel.
|
| 245 |
1 |
4 |
|a The Israeli Central Bank
|h [electronic resource] :
|b political economy, global logics and local actors /
|c Daniel Maman and Zeev Rosenhek.
|
| 260 |
|
|
|a New York :
|b Routledge,
|c 2011.
|
| 300 |
|
|
|a x, 177 p. :
|b ill.
|
| 490 |
1 |
|
|a Routledge studies in Middle Eastern economies
|
| 504 |
|
|
|a Includes bibliographical references and index.
|
| 505 |
0 |
|
|a The political economy of central banks -- The dynamics of the Israeli political economy -- The Israeli Central Bank in the developmental state era -- The reconfiguration of the political-economic field -- Knowledge, institutional arrangements and policy -- Struggling for preeminence -- Conclusions : politics of depoliticization.
|
| 533 |
|
|
|a Electronic reproduction. Ann Arbor, MI : ProQuest, 2015. Available via World Wide Web. Access may be limited to ProQuest affiliated libraries.
|
| 610 |
2 |
0 |
|a Bank Yisrael.
|
| 650 |
|
0 |
|a Banks and banking, Central
|z Israel.
|
| 655 |
|
4 |
|a Electronic books.
|
| 700 |
1 |
|
|a Rosenhek, Zeev.
|
| 710 |
2 |
|
|a ProQuest (Firm)
|
| 830 |
|
0 |
|a Routledge studies in Middle Eastern economies.
|
| 856 |
4 |
0 |
|u https://ebookcentral.proquest.com/lib/matrademy/detail.action?docID=668756
|z Click to View
|